Paris : Les vieilles rues qui ont gardé leur nom - Statistiques

Statistiques générales
  • Ce quiz a été pris 25 fois
  • Le résultat moyen est 22 sur 81
Statistiques - réponses
Arrondissement Indice 1 Indice 2 Réponse % Correct
1er Capitale Vienne A Rue d'{Autriche}
96%
1er A pris le nom de l'église voisine G Rue Saint-{Germain} l'Auxerrois
83%
1er On y battait écus ! M Rue de la {Monnaie}
74%
4e En mémoire d'un mode de cuisson payant F Rue du {Four}
74%
4e Autrefois Pol aujourd'hui plus classique ! P Rue Saint-{Paul}
74%
5e Elle tient son nom d'une de la plus célèbre université de Paris S Rue de la {Sorbonne}
70%
4e On y fabriquait du verre ? V Rue de la {Verrerie}
70%
3e/4e Elle doit son nom aux Pauvres Chevaliers du Christ et du Temple de Salomon T Rue du {Temple}
70%
3e/4e Porte le nom du saint le plus populaire de France M Rue Saint-{Martin}
70%
3e/4e Chemin qui menait jusqu'au siège d'un célèbre ordre de religieux-chevaliers T Rue Vieille-du-{Temple}
70%
1er/2e/10e Mène à la nécropole des rois de France D Rue Saint-{Denis}
65%
2e Prénom de 6 rois de France mais ici il s'agit d'une enseigne P Rue Saint-{Philippe}
65%
5e Instrument de musique très ancien H Rue de la {Harpe}
57%
1er Sans doute une rue fort peu fréquentable à l'origine T Rue de la Grande {Truanderie}
52%
4e Charles 1er d'Anjou, comte de Provence, roi de Naples et de Sicile S Rue du roi de {Sicile}
52%
1er/2e Voie menant à un village perché M Rue {Montmartre}
52%
6e Longeait une église disparue A Rue Saint-{André} des Arts
52%
1er/8e Doit son nom à une collégiale disparue qui plairait aux pâtissiers H Rue Saint-{Honoré}
52%
5e Une chapelle des Jacobins s'y trouvait J Rue Saint-{Jacques}
52%
1er Qui pouvait bien être cet individu au nom de légumes dont le souvenir a traversé les siècles ? P Rue Bertin {Poirée}
48%
4e Elle devait être bien fleurie R Rue des {Rosiers}
48%
5e Elle mène tout simplement à cet ouvrage P Rue du Petit-{Pont}
48%
4e Celui-ci était bourgeois de Paris au XIIe ou XIIIe siècle. Etait-il de France ou trop direct ? F Rue Simon le {Franc}
48%
1er/4e Occupée par les changeurs italiens L Rue des {Lombards}
43%
1er Son nom évoque un bel oiseau blanc C Rue du {Cygne}
39%
2e Une église disparue lui a donné son nom S Rue Saint-{Sauveur}
39%
6e Rue tortueuse qui n'a rien à voir avec l'animal redouté S Rue {Serpente}
39%
3e Ce village appartenait à l'abbé de St Martin B Rue de {Bourg} l'abbé
35%
6e L'oiseau continue à voler depuis H Rue de l'{hirondelle}
35%
4e Une chapelle dédiée à ce généreux saint s'y trouvait B Rue Saint-{Bon}
35%
3e Ni le peintre prénommé Georges ni le chien n'y sont pour quelque chose B Rue de {Braque}
30%
3e Province de l'Ouest P Rue de {Poitou}
30%
1er Habitée de tout temps par les blanchisseuses L Rue des {Lavandières} Sainte-Opportune
30%
3e/4e Peut-être le nom déformé d'un seigneur du Perche Q Rue {Quincampoix}
30%
5e Ce chemin menait à l'église de ce saint indigent J Rue Saint-{Julien} le Pauvre
30%
4e Menait à une abbaye dédié à un saint connu pour son cochon A Rue Saint-{Antoine}
26%
1er Il y a bien longtemps que ce végétal doit être mort AS Rue de l'{arbre}-{sec}
22%
5e Ces religieux cisterciens se consacraient à l'enseignement B Rue des {Bernardins}
22%
4e En souvenir du petit bourg de Thibault T Rue du Bourg {Tibourg}
22%
4e Une des première à recevoir ce revêtement moderne P Rue {Pavée}
22%
4e Cet Albericus a du vivre au XIIIe siècle B Rue Aubry le {boucher}
17%
3e/4e Le bourg demeure plaisant au XXIe siècle B Rue {Beaubourg}
17%
5e Encore un nom provenant d'une vieille enseigne évoquant un volet H Rue de la {Huchette}
17%
1er En mémoire d'un Bourdon prévôt des marchands B Rue des {Bourdonnais}
17%
6e Fait problamement référence à un collège et non à un favori d'Henri III M Rue {Mignon}
17%
4e A proximité d'une église dédié à un abbé d'Autun M Rue Saint-{Merri}
17%
5e Elle longe une église dédiée à un ermite du VIe siècle S Rue Saint-{Séverin}
17%
4e Une église ses Serviteurs de la Sainte Vierge s'y trouvait BM Rue des {Blancs}-{Manteaux}
13%
4e Emplacement d'une petite cache ? M Rue du Petit-{Musc}
13%
4e Propriétaire au XIIIe siècle originaire d'Anjou G Rue {Geoffroy} l'Angevin
13%
4e Etait-il l'ainé ou s'occupait-il de l'équidé aux longues oreilles ? G Rue {Geoffroy} l'Asnier
13%
1er/2e Elle conduisait à un mont "superbe" M Rue {Montorgueil}
13%
3e Souvenir d'une fonction très ancienne M Rue au {Maire}
9%
1er Cochons ou poulets on y tenait commerce C Rue de la {Cossonnerie}
9%
5e Ces religieux ont donné leur nom en s'y installant en 1318 C Rue des {Carmes}
9%
3e Teinturier ou boucher qui a donné ce nom ? Les avis sont partagés G Rue des {Gravilliers}
9%
4e On y fabriquant une des spécialités (blanche) de Paris P Rue du {Plâtre}
9%
4e Un patronyme déformé différencie le nom aux deux époques E Rue Garnier sur l'{eau}
9%
4e Un certain abbé de Tyron y avait son hôtel T Rue {Tiron}
9%
5e On stockait les bois non loin B Rue de la {Bûcherie}
4%
1er On les appelait aussi les Forts D Rue des {déchargeurs}
4%
4e Des religieuses d'Yerres y résidaient NH Rue des {Nonnains} d'{Hyères}
4%
1er Une sculpture d'apôtre ou un individu ont pu lui donner son nom P Rue des {Prêcheurs}
4%
4e Marguerite de Valois l'aurait fait couper F Rue du {Figuier}
4%
5e Bourgeois de Paris qui devait être très brun S Rue Pierre {Sarrazin}
4%
5e Erembourg, Bourg pour arriver à Boute au XXIe siècle B Rue {Boutebrie}
0%
5e Y demeuraient les ancêtres des papetiers P Rue de la {Parcheminerie}
0%
4e Trois mots devrait suffire, car elle était le lieu d'installation des faiseurs d'agrafes. T Rue de la {Tacherie}
0%
5e Une seule lettre a changé, on ne va pas pinailler ! A Rue des {Anglais}
0%
4e L'hôtel du même nom ne fait plus obstacle, il a disparu au XIXe B Rue des {Barres}
0%
1er Une forme ancienne du mot Prêtre P Rue des {Prouvaires}
0%
1er Cet étrange animal devait être une enseigne CH Rue du {Coq}-{Héron}
0%
5e Les écoliers de cette rue consommait beaucoup de feurre pour s'assoir F Rue du {Fouarre}
0%
3e Ce devait être un endroit bucolique, il n'en reste rien V Rue du {Vertbois}
0%
5e Le favori de Louis VI y possédait des vignes G Rue {Galande}
0%
3e Un patronyme déformé différencie le nom aux deux époques G Rue {Garnier} Saint-Lazare
0%
5e Doit son nom à la chapelle d'un collège JB Rue {Jean} de {Beauvais}
0%
1er Point de mauvaise recommandation derrière ce nom mais un château picard M Rue {Mauconseil}
0%
3e On ignore tout de ce noble qui lui a donné son nom MC Rue {Michel] le {Comte}
0%
3e Patronyme évoquant un petit berger porté par un parlementaire P Rue {Pastourelle}
0%
4e Un patronyme et un prénom déformé et voici le cochon qui pointe PL Rue {Pierre} au {Lard}
0%
Aucun quiz correspondant
Distribution des résultats
% des personnes avec chaque résultat
Percentile par nombre de réponses
Votre historique - résultats
Vous n’avez pas pris ce quiz